Homenaje ofrecido a Teófilo Hernando por sus amigos y discípulos. (Record no. 81214)

MARC details
000 -LEADER
campo de control de longitud fija 00414nam a2200133 i 4500
001 - NÚMERO DE CONTROL
campo de control 81214
003 - IDENTIFICADOR DE NÚMERO DE CONTROL
campo de control ES-MaACL
007 - CAMPO FIJO DE DESCRIPCIÓN FÍSICA--INFORMACIÓN GENERAL
campo de control de longitud fija t|
008 - DATOS DE LONGITUD FIJA--INFORMACIÓN GENERAL
campo de control de longitud fija 041103q1952 sp ||||1| spa d
245 00 - MENCIÓN DEL TÍTULO
Título Homenaje ofrecido a Teófilo Hernando por sus amigos y discípulos.
260 ## - PUBLICACIÓN, DISTRIBUCIÓN, ETC.
Lugar de publicación, distribución, etc. Madrid :
Nombre del editor, distribuidor, etc. Hernando,
Fecha de publicación, distribución, etc. [1952?] (
Fabricante Sucs. de Rivadeneyra)
300 ## - DESCRIPCIÓN FÍSICA
Extensión 592 p. :
Otras características físicas retr. homenaj. ;
Dimensiones 27 cm.
852 ## - LOCALIZACIÓN
Ubicación ES-MaACL
Número de control de estantería C-8608
Sublocalización o colección R.34458
Holdings
Estatus retirado Estado de pérdida Estado de daño No para préstamo Biblioteca de origen Biblioteca actual Ubicación en estantería Fecha de adquisición Fuente de adquisición Total de préstamos Signatura topográfica completa Código de barras Visto por última vez Precio de reemplazo Tipo de ítem Koha
        Biblioteca del Ateneo de Madrid Biblioteca del Ateneo de Madrid Sala Palomar 17/01/2008     C-8608 1084901 23/02/2023 23/02/2023 Libro impreso